000 00868cam a22003014a 4500
001 UByD003727
003 AR-LpoUNG
005 20260109122545.0
008 250219s2015||||ag a b 000|1|spa d
020 _a9789504634089
040 _aAR-LpoUNG
_bspa
_cAR-LpoUNG
_eaacr
041 0 _aspa
044 _aag
082 0 _a808.068 3 182sec
100 1 _aFalconi, María Inés
245 1 3 _aEl secreto del tanque de agua
250 _a1ra. ed., 2da. reimpr.
260 _aBuenos Aires :
_bAlfaguara,
_c2015.
300 _a322 p. :
_bil.
505 0 _aSugerido a partir de 10 años (etiqueta VIOLETA).
650 4 _aLiteratura
650 4 _aNovelas
650 4 _aNarrativa
653 0 _aLiteratura infantil
700 1 _aÁlvarez, María Jesús
_eil.
942 _cLIB
_2ddc
999 _c66417
_d66417